LEADER 03710nam 2200721Ia 450 001 9910785028903321 005 20230725023858.0 010 $a1-282-70667-5 010 $a9786612706677 010 $a3-11-022828-9 024 7 $a10.1515/9783110228281 035 $a(CKB)2670000000033154 035 $a(EBL)555768 035 $a(OCoLC)651602059 035 $a(SSID)ssj0000608187 035 $a(PQKBManifestationID)11399793 035 $a(PQKBTitleCode)TC0000608187 035 $a(PQKBWorkID)10591062 035 $a(PQKB)10115180 035 $a(MiAaPQ)EBC555768 035 $a(WaSeSS)Ind00014856 035 $a(DE-B1597)38807 035 $a(OCoLC)979749625 035 $a(OCoLC)987921511 035 $a(OCoLC)992472373 035 $a(DE-B1597)9783110228281 035 $a(Au-PeEL)EBL555768 035 $a(CaPaEBR)ebr10402636 035 $a(CaONFJC)MIL270667 035 $a(EXLCZ)992670000000033154 100 $a20100703d2010 uy 0 101 0 $ager 135 $aur||||||||||| 181 $ctxt 182 $cc 183 $acr 200 10$aLockes Sprachkonzeption$b[electronic resource] /$fvon Martin Lenz 210 $aBerlin ;$aNew York $cDe Gruyter$dc2010 215 $a1 online resource (584 p.) 225 1 $aQuellen und Studien zur Philosophie,$x0344-8142 ;$vBd. 96 300 $aDescription based upon print version of record. 311 $a3-11-022827-0 320 $aIncludes bibliographical references and indexes. 327 $t Frontmatter -- $tInhalt -- $tEinleitung -- $tI. Die Interdependenz zwischen Wörtern und Ideen -- $tII. Diskussionskontexte -- $tIII. Ideentheoretische Grundlagen der Sprachkonzeption -- $tIV. Semantik -- $tV. Lockes Sprachkonzeption als sozialer Externalismus -- $tSchlußbetrachtung -- $t Backmatter 330 $aWas legt die Bedeutung sprachlicher Ausdrücke fest? Sind es die mentalen Zustände der Sprachbenutzer oder Faktoren außerhalb der Sprecher? Locke scheint von der simplen These auszugehen, dass Wörter primär die Ideen im Geiste des Sprechers bezeichnen, und sich damit auf einen unhaltbaren Mentalismus zu verpflichten. Der Autor tritt diesem verbreiteten Bild mit einer historisch und systematisch umfassenden Auseinandersetzung entgegen, die Lockes Konzeption als einen sozialen Externalismus ausweist, gemäß dem die Sprachgemeinschaft entscheidender Faktor für die Fixierung sprachlicher Bedeutung ist. Die vorliegende Studie präsentiert diese Konzeption in fünf Schritten: (1) Nach einer Exposition der Problemstellung in Lockes Essay wird (2) eine historische Analyse der inner- und außerscholastischen frühneuzeitlichen Diskussionskontexte unternommen, um zunächst Lockes Wende zur Sprache textnah zu rekonstruieren und (3) die ausführliche Erörterung der umstrittenen Ideen- und Urteilstheorie vorzubereiten. Vor diesem Hintergrund wird (4) Lockes gescholtene "Hauptthese" systematisch im Rahmen seiner Semantik und Abstraktionstheorie verortet sowie (5) in Konfrontation mit gegenwärtigen Positionen als Ingredienz eines sozialen Externalismus verteidigt. 410 0$aQuellen und Studien zur Philosophie ;$vBd. 96. 606 $aLanguage and languages$xPhilosophy 610 $aConcept of Idea. 610 $aEarly Modern Age. 610 $aJohn Locke. 610 $aPhilosophy of Language. 610 $aPhilosophy of Mind. 615 0$aLanguage and languages$xPhilosophy. 676 $a121.68 686 $aCF 5817$2rvk 700 $aLenz$b Martin$f1970-$01547224 801 0$bMiAaPQ 801 1$bMiAaPQ 801 2$bMiAaPQ 906 $aBOOK 912 $a9910785028903321 996 $aLockes Sprachkonzeption$93803439 997 $aUNINA